Statistics for Central Asia Flag Quiz

Click here to take the quiz!

General Stats

  • This quiz has been taken 553 times
  • The average score is 4 of 5

Answer Stats

Answer% Correct
Kazakhstan
96%
Turkmenistan
84%
Uzbekistan
77%
Tajikistan
65%
Kyrgyzstan
57%

Score Distribution

Percentile by Number Answered

Percent of People with Each Score

Your Score History

You have not taken this quiz